00413 a2200157 4500001000700000003000400007005001700011008004100028082002100069100002200090245005100112260004500163300001000208700001900218700001800237066470OSt20210929103445.0  a658.870954bB16R1 aRetail management1 aRetail Managementcby N. Srivastava...[et.al.] aNew DelhibOxford University Pressc2009 a698p. aSrivastava, N. aChetan, Bajaj